00899 2200313 4500001002100000005001500021035002000036007000300056040001200059100003700071245009000108250001200198300003700210020001800247041000800265082001000273084001600283090002000299264003200319336002100351337003000372338002300402650002300425700004600448850001000494008004100504990002000545990002000565INLIS00000000000679920260410094910 a0010-0622000134ta aSBPUPAD1 aNielsen,Dianne MillerePengarang1 aMengelola Kelas Untuk Guru TK /cNielsen,Dianne Miller;Penerjemah ,Febrianti Ika Dewi a.-Cet.7 axiii, 182 hal :billus. ;c32 cm a979-514-765-X1 aind a372.2 a372.2 NIE m a372.2 NIE m 9-9 a.--Jakarta :bIndeks,c2010 2rdacontentaTeks 2rdamediaaTanpa Perantara 2rdacarrieravolume 4aMedia Pembelajaran0 aPenerjemah ,Febrianti Ika DewiePengarang aPUPAD260410 0  a563/S/KAPD/2012 a562/S/KAPD/2012